[Event "Championnat de France Benjamine"]
[Site "CALVI"]
[Date "2005.04.17"]
[Round "1.4"]
[White "Forgues, Valerie"]
[Black "Garma, Jovanka"]
[Result "1-0"]
[WhiteElo "1830"]
[BlackElo "1510"]
[PlyCount "163"]
[EventDate "2005.??.??"]
[SourceDate "2005.04.17"]

1. e4 e5 2. Nf3 Nc6 3. Bc4 Nf6 4. d3 Bc5 5. Nc3 d6 6. Bg5 Be6 7. Bb3 Nd4 8. h3
c6 9. O-O Bxb3 10. axb3 Ne6 11. Be3 Bb6 12. Ne2 O-O 13. Ng3 Re8 14. Nf5 Bc5 15.
c3 a5 16. Re1 Qc7 17. Qc2 d5 18. exd5 Nxd5 19. Bxc5 Nxc5 20. d4 exd4 21. Rxe8+
Rxe8 22. N3xd4 h6 23. Qd1 Nf6 24. Qf3 Ne6 25. Nxh6+ Kf8 26. Nhf5 Nxd4 27. Nxd4
Qd6 28. Rd1 Qc7 29. Nf5 c5 30. Qg3 Qxg3 31. Nxg3 g6 32. Kf1 Re6 33. Rd8+ Ke7
34. Ra8 b6 35. Ra7+ Ke8 36. Rb7 Nd5 37. Ne2 Rd6 38. Ke1 Nf6 39. f3 Nd5 40. Kf2
Re6 41. Nc1 Nf4 42. h4 Rd6 43. g3 Nd5 44. Nd3 Nxc3 45. Rb8+ Ke7 46. Rb7+ Ke8
47. bxc3 Rxd3 48. Rxb6 Rxc3 49. Rb5 c4 50. bxc4 Rxc4 51. Rxa5 Rc6 52. Ke3 f6
53. g4 Re6+ 54. Kf4 Kf8 55. Ra7 Kg8 56. Ra4 Kg7 57. Re4 Rb6 58. Re3 Kf7 59. Kg3
Rb1 60. Rc3 Rb6 61. Rc5 Ra6 62. h5 gxh5 63. Rxh5 Ra8 64. Rf5 Kg6 65. Kf4 Ra4+
66. Ke3 Rb4 67. Rd5 Ra4 68. f4 Rb4 69. Rd4 Rb5 70. Ke4 f5+ 71. gxf5+ Kf6 72.
Rd6+ Kf7 73. Rd5 Rb6 74. Ke5 Ra6 75. Rd7+ Ke8 76. Rb7 Kf8 77. f6 Rc6 78. Kf5
Rc5+ 79. Kg6 Rc8 80. Rh7 Kg8 81. f7+ Kf8 82. Rh8+ 1-0

[Event "Championnat de France Benjamine"]
[Site "CALVI"]
[Date "2005.04.17"]
[Round "1.5"]
[White "Rascle, Adeline"]
[Black "Bomba, Melody"]
[Result "0-1"]
[WhiteElo "1510"]
[BlackElo "1780"]
[PlyCount "100"]
[EventDate "2005.??.??"]
[SourceDate "2005.04.17"]

1. e4 c5 2. Nf3 d6 3. Nc3 Nf6 4. Bc4 g6 5. O-O Bg7 6. d3 O-O 7. Be3 Nc6 8. h3
Bd7 9. Qe2 Na5 10. Bb3 Nxb3 11. axb3 Bc6 12. Rfd1 b6 13. Bf4 d5 14. Ne5 Bb7 15.
Nb5 Qc8 16. Nxa7 Qe8 17. c4 dxe4 18. dxe4 Nxe4 19. Nd7 e6 20. Nxf8 Kxf8 21. Nb5
Rxa1 22. Rxa1 Qc6 23. f3 Nf6 24. Qd2 Ne8 25. Na7 Bd4+ 26. Kh2 Qd7 27. Nb5 e5
28. Be3 Ng7 29. Nxd4 exd4 30. Bh6 Kg8 31. Bxg7 Kxg7 32. Ra7 Qc8 33. b4 Qb8+ 34.
Kg1 Qxa7 35. bxc5 bxc5 36. Kf2 Bc8 37. Ke2 Be6 38. b3 Qb8 39. Qa2 Qd6 40. Qd2
Qh2 41. Kd1 Bf5 42. Kc1 Qe5 43. Kb2 d3+ 44. Ka3 Qa1+ 45. Qa2 Qxa2+ 46. Kxa2 d2
47. g4 Bc2 48. b4 d1=Q 49. bxc5 Qb1+ 50. Ka3 Qb3# 0-1

[Event "Championnat de France Benjamine"]
[Site "CALVI"]
[Date "2005.04.17"]
[Round "1.6"]
[White "Cechetto, Lea"]
[Black "Antoniotti, Marie-Cecile"]
[Result "0-1"]
[WhiteElo "1760"]
[BlackElo "1500"]
[PlyCount "128"]
[EventDate "2005.??.??"]
[SourceDate "2005.04.17"]

1. e4 e5 2. Nf3 Nc6 3. Bc4 Bc5 4. c3 Nf6 5. b4 Bb6 6. d3 h6 7. b5 Na5 8. Nxe5
O-O 9. Nd2 d6 10. Nef3 Bg4 11. O-O Re8 12. a4 d5 13. exd5 Nxd5 14. Bb2 Nf4 15.
Qc2 Re2 16. Nd4 Bxd4 17. cxd4 Qg5 18. Kh1 Bh3 19. g3 Bxf1 20. Rxf1 Nxd3 21.
Bxd3 Qxd2 22. Bc3 Qxc2 23. Bxc2 Rxc2 24. Bxa5 b6 25. Bb4 Ra2 26. Kg2 Rxa4 27.
Bc3 Ra3 28. Rc1 Rb3 29. Ba1 Rxb5 30. Rxc7 a5 31. Kf3 a4 32. Ke4 a3 33. d5 Rd8
34. Kd4 Rdxd5+ 35. Kc4 a2 36. Rc8+ Kh7 37. Rc7 Rbc5+ 38. Rxc5 Rxc5+ 39. Kb3 Rf5
40. f4 Ra5 41. h3 Rd5 42. Kxa2 Rd3 43. g4 Rxh3 44. Bd4 Rh4 45. Bxb6 Rxg4 46.
Bc7 h5 47. Kb3 h4 48. Kc3 h3 49. f5 Rh4 50. Bh2 Rh5 51. f6 g6 52. Kd4 Rf5 53.
Ke4 Rxf6 54. Ke3 g5 55. Ke2 g4 56. Ke3 Rf3+ 57. Ke2 f5 58. Bg1 Kg6 59. Bh2 Kg5
60. Bg1 Kf4 61. Bh2+ g3 62. Bg1 h2 63. Be3+ Rxe3+ 64. Kd2 h1=Q 0-1

[Event "Championnat de France Benjamine"]
[Site "CALVI"]
[Date "2005.04.17"]
[Round "1.7"]
[White "Buscara, Lena"]
[Black "Armas, Lara-Maria"]
[Result "1/2-1/2"]
[WhiteElo "1500"]
[BlackElo "1730"]
[PlyCount "92"]
[EventDate "2005.??.??"]
[SourceDate "2005.04.17"]

1. e4 c5 2. Nf3 a6 3. d4 cxd4 4. Nxd4 Nf6 5. Nc3 e5 6. Nb3 Bb4 7. Bd3 d5 8. Bd2
Bxc3 9. Bxc3 dxe4 10. Be2 Qxd1+ 11. Rxd1 Nc6 12. O-O Bf5 13. Rd2 b5 14. Ba5
Nxa5 15. Nxa5 O-O 16. Nc6 Rfe8 17. c3 Bd7 18. Nb4 a5 19. Nd5 Nxd5 20. Rxd5 Bc6
21. Rc5 Re6 22. Bxb5 Bxb5 23. Rxb5 Rd6 24. Rxe5 Rd2 25. Rb5 a4 26. a3 g6 27. h3
f5 28. c4 Rc2 29. Rb4 Rc8 30. Rxa4 Rxb2 31. Rc1 Ra2 32. Ra7 Rc5 33. a4 f4 34.
Rd1 Rc8 35. c5 Rc2 36. Re1 Rc4 37. a5 R8xc5 38. a6 Ra4 39. Rd1 Rc8 40. Rdd7 Ra5
41. Rxh7 e3 42. Rhe7 Ra1+ 43. Kh2 exf2 44. Rg7+ Kf8 45. Raf7+ Ke8 46. Re7+ Kf8
1/2-1/2

[Event "Championnat de France Benjamine"]
[Site "CALVI"]
[Date "2005.04.17"]
[Round "1.8"]
[White "Peyre, Camille"]
[Black "Cellie, Manon"]
[Result "1-0"]
[WhiteElo "1730"]
[BlackElo "1480"]
[PlyCount "105"]
[EventDate "2005.??.??"]
[SourceDate "2005.04.17"]

1. d4 d5 2. Bg5 Nf6 3. Bxf6 gxf6 4. e3 Nc6 5. c4 Bf5 6. a3 Na5 7. Qa4+ Nc6 8.
Nc3 e6 9. cxd5 exd5 10. Bb5 Qd6 11. Nge2 Bd7 12. Nf4 Rg8 13. Qd1 Rg5 14. h3
O-O-O 15. Rc1 Re8 16. Bxc6 Bxc6 17. O-O Bh6 18. Nce2 Rg7 19. Nh5 Rgg8 20. Neg3
Bd7 21. Qc2 Rh8 22. Nf5 Bxf5 23. Qxf5+ Kb8 24. Ng3 Reg8 25. Qf3 Qd7 26. Qxf6
Bf8 27. Qf3 Qe7 28. Qxd5 Rg5 29. Qc4 h5 30. h4 Rg4 31. Nf5 Qd7 32. f3 Rg6 33.
e4 c6 34. b4 Qc7 35. e5 Rhg8 36. Rc2 Qd7 37. Qd3 Qd8 38. Qe4 Be7 39. Nxe7 Qxe7
40. Qf4 Qf8 41. e6+ Kc8 42. exf7 R8g7 43. Qf5+ Kb8 44. Qe5+ Kc8 45. Qe8+ Qxe8
46. fxe8=Q+ Kc7 47. Re1 Rd6 48. Re7+ Rxe7 49. Qxe7+ Rd7 50. Qe5+ Rd6 51. Qxh5
Rxd4 52. Qe5+ Rd6 53. Rd2 1-0

[Event "Championnat de France Benjamine"]
[Site "CALVI"]
[Date "2005.04.17"]
[Round "1.10"]
[White "Muller, Marion"]
[Black "Dubois, Emmanuelle"]
[Result "1/2-1/2"]
[WhiteElo "1710"]
[BlackElo "1460"]
[PlyCount "146"]
[EventDate "2005.??.??"]
[SourceDate "2005.04.17"]

1. e4 c5 2. Nf3 Nc6 3. d4 cxd4 4. Nxd4 Nf6 5. Nc3 e5 6. Ndb5 d6 7. Bg5 a6 8.
Bxf6 gxf6 9. Na3 b5 10. Nd5 Be6 11. c3 Bg7 12. Nc2 f5 13. exf5 Bxf5 14. g3 O-O
15. Bg2 Rb8 16. O-O Bg6 17. Nce3 f5 18. Nf6+ Qxf6 19. Qd5+ Kh8 20. Qxc6 a5 21.
Rad1 Rfd8 22. Nd5 Qe6 23. b3 Bf8 24. Nc7 Qd7 25. Qxd7 Rxd7 26. Ne6 Be7 27. Nc5
Rdd8 28. Nd3 Rbc8 29. Rc1 Rc7 30. Nb2 Bf6 31. c4 e4 32. Nd1 bxc4 33. Rxc4 Rxc4
34. bxc4 Rc8 35. Ne3 Bd4 36. Rc1 Bxe3 37. fxe3 Bf7 38. Bf1 Kg7 39. Kf2 Kf6 40.
Ke1 Kg5 41. Be2 Bh5 42. Bxh5 Kxh5 43. h3 Kg5 44. Kd2 h5 45. Ke2 h4 46. Kf2
hxg3+ 47. Kxg3 Rc5 48. h4+ Kf6 49. h5 d5 50. h6 Kg6 51. Kf4 dxc4 52. Rh1 Kh7
53. Kg5 c3 54. Rd1 Rc7 55. Kxf5 c2 56. Rc1 Rc4 57. Ke5 Kxh6 58. Kd5 Rc8 59.
Kxe4 Kg5 60. Kd3 Kf5 61. Rxc2 Rxc2 62. Kxc2 Ke4 63. Kc3 Kxe3 64. Kc4 Ke4 65. a3
Ke5 66. Kb5 Kd6 67. Kb6 a4 68. Kb5 Kc7 69. Kxa4 Kb7 70. Kb5 Ka8 71. a4 Ka7 72.
Ka5 Ka8 73. Kb6 Kb8 1/2-1/2

[Event "Championnat de France Benjamin"]
[Site "CALVI"]
[Date "????.??.??"]
[Round "2.1"]
[White "Feller, Sebastien"]
[Black "Blum, Nicolas"]
[Result "1-0"]
[WhiteElo "2228"]
[BlackElo "1954"]
[PlyCount "131"]
[EventDate "2005.??.??"]
[SourceDate "2005.04.17"]

1. d4 Nf6 2. c4 e5 3. dxe5 Ng4 4. Nf3 Bc5 5. e3 Nc6 6. Be2 O-O 7. O-O Re8 8.
Nc3 Ngxe5 9. Nxe5 Nxe5 10. Kh1 a5 11. f4 Nc6 12. e4 d6 13. Bd3 Nb4 14. Bb1 Qh4
15. a3 Bg4 16. Qe1 Qxe1 17. Rxe1 Nc6 18. Nd5 Rac8 19. Bd3 Be6 20. Bd2 Bxd5 21.
cxd5 Nd4 22. Rad1 Nb3 23. Bc3 Bb6 24. e5 Nc5 25. e6 Nxd3 26. Rxd3 fxe6 27. dxe6
Rcd8 28. f5 d5 29. f6 gxf6 30. Bxf6 Rd6 31. Rg3+ Kf8 32. Rf1 Rexe6 33. Be5+ Ke8
34. Bxd6 Rxd6 35. Rg8+ Kd7 36. Rg7+ Kc6 37. Rxh7 d4 38. Rd1 d3 39. g4 Kb5 40.
Rh3 Kc4 41. g5 Rg6 42. Rhxd3 Rxg5 43. Rc3+ Kb5 44. h4 Rh5 45. Rh3 Bf2 46. Rc1
Rxh4 $11 47. Rxh4 Bxh4 48. Rxc7 b6 49. b3 Bf2 50. Rc4 Bc5 51. a4+ Kc6 52. Rg4
Kd5 53. Kg2 Ke5 54. Kf3 Kd5 55. Ke2 Ke5 56. Kd3 Kd5 57. Rg5+ Kd6 58. Kc4 Kc6
59. Rg6+ Kb7 60. Kb5 Kc7 61. Rg7+ Kb8 62. Kc6 Ka8 63. Rb7 Bb4 64. Kxb6 Bc5+ 65.
Kxc5 Kxb7 66. Kb5 1-0

[Event "Championnat de France Benjamin"]
[Site "CALVI"]
[Date "????.??.??"]
[Round "2.2"]
[White "Saatdjian, Thomas"]
[Black "Lebreton, Flavien"]
[Result "1-0"]
[WhiteElo "2069"]
[BlackElo "1949"]
[PlyCount "53"]
[EventDate "2005.??.??"]
[SourceDate "2005.04.17"]

1. Nf3 Nf6 2. c4 e6 3. g3 b6 4. Bg2 Bb7 5. O-O Be7 6. d4 O-O 7. d5 Qc8 8. Nc3
Bb4 9. Bd2 d6 10. Ne1 Bxc3 11. Bxc3 e5 12. Nc2 a5 13. b3 Nbd7 14. Ne3 Ne8 15.
f4 f5 16. Qc2 g6 17. Qb2 a4 18. Rad1 axb3 19. axb3 exf4 20. Rxf4 Nef6 21. Nc2
Qe8 22. Bd4 Nc5 23. Bxf6 Rxf6 24. Qxf6 Qxe2 25. Re1 Qxc2 26. Re7 Ne6 27. Qf7+
1-0

[Event "Championnat de France Benjamin"]
[Site "CALVI"]
[Date "????.??.??"]
[Round "2.3"]
[White "Kharmoudi, Slimane"]
[Black "Castro, John"]
[Result "1/2-1/2"]
[WhiteElo "1929"]
[BlackElo "2060"]
[PlyCount "82"]
[EventDate "2005.??.??"]
[SourceDate "2005.04.17"]

1. e4 e6 2. d4 d5 3. Nd2 Nf6 4. e5 Nfd7 5. Bd3 c5 6. c3 Nc6 7. Ne2 Be7 8. Nf3
O-O 9. O-O f6 10. Nf4 Ndxe5 11. dxe5 fxe5 12. Nxe5 Nxe5 13. Bc2 Qe8 14. Qe2 Bd6
15. Nd3 Ng6 16. Be3 b6 17. f3 Ba6 18. Qd2 Nf4 19. Bxf4 Bxf4 20. Nxf4 Bxf1 21.
Rxf1 Qf7 22. Nh3 h6 23. Qd3 Qf5 24. Qxf5 exf5 25. Rd1 Rad8 26. Nf4 Rd6 27. Kf2
d4 28. cxd4 cxd4 29. Bb3+ Kh8 30. Nd5 Rfd8 31. Rxd4 b5 32. Rd1 a5 33. a3 g5 34.
Ke2 f4 35. Nc3 Rxd1 36. Bxd1 b4 37. Ne4 bxa3 38. bxa3 Kg7 39. a4 Rb8 40. Bc2
Kf7 41. Kd2 Ke7 1/2-1/2

[Event "Championnat de France Benjamin"]
[Site "CALVI"]
[Date "????.??.??"]
[Round "2.5"]
[White "Le Ruyet, Leopold"]
[Black "Massoni, Michael"]
[Result "0-1"]
[WhiteElo "1890"]
[BlackElo "2045"]
[PlyCount "24"]
[EventDate "2005.??.??"]
[SourceDate "2005.04.17"]

1. e4 c5 2. Nf3 e6 3. d4 cxd4 4. Nxd4 Nf6 5. Nc3 Bb4 6. e5 Nd5 7. a3 Bxc3+ 8.
bxc3 Qc7 9. Qg4 Qxe5+ 10. Ne2 Nc6 11. f4 Qf6 12. Bb2 Ne3 {Diagramme #} 0-1

[Event "Championnat de France Benjamin"]
[Site "CALVI"]
[Date "????.??.??"]
[Round "2.6"]
[White "Tachikart, Yassin"]
[Black "Iellatchitch, Alexandre"]
[Result "1-0"]
[WhiteElo "2041"]
[BlackElo "1900"]
[PlyCount "77"]
[EventDate "2005.??.??"]
[SourceDate "2005.04.17"]

1. d4 Nf6 2. c4 c5 3. d5 b5 4. cxb5 a6 5. Nc3 g6 6. e4 d6 7. Nf3 Bg7 8. bxa6
O-O 9. Be2 Nbd7 10. O-O Bxa6 11. Bxa6 Rxa6 12. h3 Qa8 13. Re1 Rb8 14. Qc2 Nb6
15. b3 Ne8 16. Bb2 Nc7 $11 17. Nd2 Nd7 18. Nc4 Ne5 19. Ne3 e6 $11 20. f4 Nd7
21. dxe6 Nxe6 22. Ned5 Qa7 23. Kh1 Nd4 $11 24. Qd3 c4 25. Qxc4 Nc2 26. Nb5 Qc5
27. Qxc5 Nxc5 28. Bxg7 Kxg7 29. Ndc7 Rab6 30. a4 Nxa1 31. Rxa1 Nxb3 32. Rd1 Nc5
33. Rd4 Rd8 34. e5 Nb7 35. exd6 Nxd6 36. a5 Rc6 37. Rxd6 Rdxd6 38. Nxd6 Rxd6
39. Ne8+ 1-0

[Event "Championnat de France Benjamin"]
[Site "CALVI"]
[Date "????.??.??"]
[Round "2.7"]
[White "Delivre, Raphael"]
[Black "Buscara, Sevan"]
[Result "1-0"]
[WhiteElo "2034"]
[BlackElo "1894"]
[PlyCount "53"]
[EventDate "2005.??.??"]
[SourceDate "2005.04.17"]

1. e4 e6 2. d4 d5 3. Nc3 Bb4 4. exd5 exd5 5. Bd3 Nf6 6. Bg5 O-O 7. Nge2 c5 8.
dxc5 Bxc5 9. O-O Be6 10. Nf4 d4 11. Bxf6 Qxf6 12. Nxe6 fxe6 13. Ne4 Qf5 14. Qe2
Bb6 15. Rae1 Qe5 16. Qg4 Rf4 17. Qg3 Bc7 18. Ng5 Qf6 19. Rxe6 Qd8 20. Bxh7+ Kf8
21. Qa3+ Bd6 22. Rxd6 Qxg5 23. Rd7+ Ke8 24. Rxb7 Nd7 25. Re1+ Ne5 26. Qd6 Re4
27. Bxe4 1-0

[Event "Championnat de France Benjamin"]
[Site "CALVI"]
[Date "????.??.??"]
[Round "2.8"]
[White "Bollard, Maxime"]
[Black "Nahed, Yann"]
[Result "0-1"]
[WhiteElo "1875"]
[BlackElo "2031"]
[PlyCount "60"]
[EventDate "2005.??.??"]
[SourceDate "2005.04.17"]

1. e4 c5 2. Nf3 Nc6 3. d4 cxd4 4. Nxd4 g6 5. Nc3 Bg7 6. Be3 Nf6 7. Be2 O-O 8.
Nb3 d6 9. f4 b6 10. g4 e5 11. f5 d5 12. exd5 Nb4 13. d6 Bb7 14. Rg1 Ne4 15. g5
gxf5 16. Bc4 Rc8 17. a3 Nxc2+ 18. Qxc2 Rxc4 19. O-O-O f4 20. Bd2 Nf2 21. Rde1
Be4 22. Rxe4 Nxe4 23. h4 Qxd6 24. h5 Ng3 25. Qd1 Qd3 26. Rg2 Rd8 27. h6 Bh8 28.
Rf2 Ne4 29. Rf1 a5 30. a4 b5 0-1

[Event "Championnat de France Benjamin"]
[Site "CALVI"]
[Date "????.??.??"]
[Round "2.9"]
[White "Blancho, Gwenael"]
[Black "Arduin, Antoine"]
[Result "1-0"]
[WhiteElo "2030"]
[BlackElo "1840"]
[PlyCount "53"]
[EventDate "2005.??.??"]
[SourceDate "2005.04.17"]

1. e4 e5 2. Nf3 Nc6 3. d4 exd4 4. Nxd4 Bc5 5. Nxc6 Qf6 6. Qd2 dxc6 7. Nc3 Bd7
8. Bd3 O-O-O 9. O-O h5 10. Na4 Be7 11. Qa5 Kb8 12. Be3 b6 13. Qc3 c5 14. Qxf6
Bxf6 15. Nc3 Bxc3 16. bxc3 Ne7 17. Rfb1 Ka8 18. a4 Nc6 19. Bf4 Kb7 20. a5 Ra8
21. Be3 Kc8 22. axb6 cxb6 23. Rxb6 Kc7 24. Rb5 Rac8 25. Rxc5 g6 26. Bf4+ Kb6
27. Rb5# 1-0

[Event "Championnat de France Benjamin"]
[Site "CALVI"]
[Date "????.??.??"]
[Round "2.10"]
[White "Demuth, Adrien"]
[Black "Villegas, Pierre"]
[Result "1-0"]
[WhiteElo "2018"]
[BlackElo "1839"]
[PlyCount "81"]
[EventDate "2005.??.??"]
[SourceDate "2005.04.17"]

1. d4 d5 2. c4 c6 3. Nf3 Nf6 4. e3 e6 5. Nbd2 Nbd7 6. b3 Bd6 7. Bb2 O-O 8. Bd3
Re8 9. Ne5 c5 10. O-O b6 11. f4 g6 12. Rf3 Bf8 13. Rh3 Bg7 14. Qc2 Nf8 15. Rf1
Bb7 16. cxd5 Qxd5 17. e4 Qd8 18. dxc5 Rc8 19. c6 Qc7 20. Rc1 Ba8 21. Be2 Red8
22. b4 Ne8 23. b5 Nd6 24. Rb3 f6 25. Nd3 Kf7 26. e5 Ne8 27. Ne4 f5 28. Ng5+ Kg8
29. Ba3 Bh6 30. Bxf8 Bxg5 31. Bd6 Nxd6 32. exd6 Qxd6 33. fxg5 e5 34. Qc3 Re8
35. Qb4 Qd8 36. Qc4+ Kg7 37. h4 Qd6 38. Rd1 Rc7 39. Nf4 Qe7 40. Nd5 Qf7 41.
Nxc7 1-0

[Event "Championnat de France Benjamine"]
[Site "CALVI"]
[Date "????.??.??"]
[Round "2.1"]
[White "Fernandez, Laura"]
[Black "Cointot, Julie"]
[Result "0-1"]
[WhiteElo "1990"]
[BlackElo "1620"]
[PlyCount "106"]
[EventDate "2005.??.??"]
[SourceDate "2005.04.17"]

1. e4 e6 2. d4 d5 3. Nc3 dxe4 4. Nxe4 Bd7 5. c3 Bc6 6. Nd2 Nf6 7. Ngf3 Bd6 8.
Nc4 Be7 9. Nce5 Be4 10. Ng5 Bg6 11. Nxg6 hxg6 12. Bd3 Nc6 13. Qe2 Nd5 14. Nxe6
fxe6 15. Bxg6+ Kd7 16. Bf7 Kc8 17. Qxe6+ Kb8 18. Qxd5 Qf8 19. Be3 Bd6 20. O-O-O
Ne7 21. Qb3 c6 22. Bc4 Bf4 23. Ba6 b6 24. Qe6 Kc7 25. Bc4 Bd6 26. d5 Re8 27.
dxc6 Nxc6 28. Qf7+ Qxf7 29. Bxf7 Re7 30. Bd5 Ne5 31. h3 Rf8 32. Rhe1 g6 33. Bg5
Nd3+ 34. Kd2 Rxe1 35. Rxe1 Nxe1 36. Kxe1 Rf5 37. Bf7 Rxg5 38. g4 Kd7 39. f3
Bg3+ 40. Kf1 Ke7 41. Bc4 b5 42. Bg8 a5 43. Kg2 Bf4 44. h4 Re5 45. Kf2 a4 46. c4
Kf8 47. Bd5 Ke7 48. Bc6 bxc4 49. Bxa4 Ra5 50. Bc2 Rxa2 51. Bxg6 Rxb2+ 52. Ke1
c3 53. Kd1 Rd2+ 0-1

[Event "Championnat de France Benjamine"]
[Site "CALVI"]
[Date "????.??.??"]
[Round "2.2"]
[White "Jolly, Marie"]
[Black "Genzling, Sylvie"]
[Result "0-1"]
[WhiteElo "1560"]
[BlackElo "1982"]
[PlyCount "50"]
[EventDate "2005.??.??"]
[SourceDate "2005.04.17"]

1. d4 d5 2. c4 e6 3. Nf3 Nf6 4. Bg5 Nbd7 5. Nc3 c6 6. e3 Qa5 7. a3 Ne4 8. Qc1
dxc4 9. Bh4 Nb6 10. Nd2 Nxc3 11. Qxc3 Qxc3 12. bxc3 Nd5 13. Bxc4 Nxc3 14. O-O
Bd6 15. e4 Bf4 16. Nf3 Nxe4 17. a4 O-O 18. Ra2 Bd7 19. Rb1 b5 20. axb5 cxb5 21.
Bxb5 Bxb5 22. Rxb5 Nc3 23. Rab2 Nxb5 24. Rxb5 Rfb8 25. Rxb8+ Rxb8 0-1

[Event "Championnat de France Benjamine"]
[Site "CALVI"]
[Date "????.??.??"]
[Round "2.3"]
[White "Rambourg, Juliette"]
[Black "Sunthor, Sunsinaroit"]
[Result "1-0"]
[WhiteElo "1870"]
[BlackElo "1600"]
[PlyCount "55"]
[EventDate "2005.??.??"]
[SourceDate "2005.04.17"]

1. e4 e6 2. d4 d5 3. e5 c5 4. c3 Nc6 5. Nf3 Qb6 6. Bd3 cxd4 7. cxd4 Nxd4 8.
Nxd4 Bc5 9. Nb3 Bxf2+ 10. Kf1 Ne7 11. Qe2 Bc5 12. Nxc5 Qxc5 13. Nd2 O-O 14. Nf3
b6 15. Be3 Qc7 16. Rc1 Qd7 17. Kf2 Bb7 {Diagramme #} 18. Bxh7+ Kxh7 19. Ng5+
Kg8 20. Qh5 Rfd8 21. Qxf7+ Kh8 22. Qh5+ Kg8 23. Qh7+ Kf8 24. Qh8+ Ng8 25. Rhf1
Ke7 26. Qxg7+ Ke8 27. Qxg8+ Ke7 28. Qf7# 1-0

[Event "Championnat de France Benjamine"]
[Site "CALVI"]
[Date "????.??.??"]
[Round "2.4"]
[White "Fruchet, Lucie"]
[Black "Forgues, Valerie"]
[Result "0-1"]
[WhiteElo "1540"]
[BlackElo "1830"]
[PlyCount "110"]
[EventDate "2005.??.??"]
[SourceDate "2005.04.17"]

1. e4 e5 2. Nf3 Nc6 3. Bb5 a6 4. Ba4 Nf6 5. Nc3 b5 6. Bb3 Be7 7. O-O O-O 8. d3
d6 9. Nd5 Na5 10. c3 Nxb3 11. Nxe7+ Qxe7 12. Qxb3 Be6 13. Qc2 c5 14. Bg5 h6 15.
Be3 Rac8 16. Qd2 c4 17. d4 Nxe4 18. Qe2 exd4 19. Nxd4 Nc5 20. Rad1 Nd3 21. b3
Nc5 22. b4 Nd3 23. a3 Rfe8 24. f4 Bd7 25. Nc2 Qf6 26. Qd2 Bg4 27. Rb1 Qg6 28.
Nd4 Qe4 29. Nf3 Qxe3+ 30. Qxe3 Rxe3 31. Nd4 Rce8 32. Ra1 R8e4 33. f5 Rf4 34.
Rxf4 Nxf4 35. Rc1 Re4 36. Rf1 Ne2+ 37. Nxe2 Rxe2 38. h3 Rc2 39. hxg4 Rxc3 40.
Rd1 Rxa3 41. Rxd6 Kf8 42. Kf2 Ke7 43. Rd5 Rb3 44. Rc5 Rxb4 45. Rc6 Ra4 46. Ke3
Kd7 47. Rc5 Kd6 48. Rc8 Ke5 49. Rc7 Ra3+ 50. Kd2 Kf4 51. Rxf7 Kxg4 52. Rxg7+
Kxf5 53. Re7 Ra2+ 54. Kc3 Rxg2 55. Ra7 Ra2 0-1

[Event "Championnat de France Benjamine"]
[Site "CALVI"]
[Date "????.??.??"]
[Round "2.5"]
[White "Bomba, Melody"]
[Black "Desnoes, Anne-Laure"]
[Result "1-0"]
[WhiteElo "1780"]
[BlackElo "1550"]
[PlyCount "99"]
[EventDate "2005.??.??"]
[SourceDate "2005.04.17"]

1. d4 d5 2. Nf3 Nf6 3. Bf4 Bg4 4. e3 e6 5. Bd3 Nbd7 6. O-O Ne4 7. Nbd2 Ndf6 8.
Be2 Bd6 9. Ne5 Nxd2 10. Qxd2 Ne4 11. Qd1 Bxe2 12. Qxe2 O-O 13. f3 Nf6 14. Bg5
c5 15. Ng4 Be7 16. Nxf6+ Bxf6 17. Bxf6 Qxf6 18. c3 cxd4 19. cxd4 Rac8 20. Rac1
e5 21. Qd2 exd4 22. Qxd4 Qxd4 23. exd4 Rfe8 24. h3 h6 25. Rxc8 Rxc8 26. Rf2 Rc4
27. Rd2 Rc1+ 28. Kf2 Ra1 29. b3 Rc1 30. Kg3 Re1 31. Kf4 Kf8 32. Rc2 Re7 33.
Rc8+ Re8 34. Rxe8+ Kxe8 35. Ke5 Ke7 36. Kxd5 Kd7 37. g3 b6 38. h4 a6 39. a3 g6
40. b4 f6 41. a4 h5 42. g4 hxg4 43. fxg4 a5 44. b5 f5 45. gxf5 gxf5 46. h5 f4
47. Ke4 Kd6 48. h6 f3 49. Kxf3 Kd5 50. h7 1-0

[Event "Championnat de France Benjamine"]
[Site "CALVI"]
[Date "????.??.??"]
[Round "2.6"]
[White "Durot, Edwige"]
[Black "Peyre, Camille"]
[Result "0-1"]
[WhiteElo "1530"]
[BlackElo "1730"]
[PlyCount "120"]
[EventDate "2005.??.??"]
[SourceDate "2005.04.17"]

1. e4 c6 2. d4 d5 3. Nd2 dxe4 4. Nxe4 Bf5 5. Ng3 Bg6 6. f4 h6 7. Nf3 Nd7 8. Bd3
Bxd3 9. Qxd3 Ngf6 10. Bd2 Qc7 11. Ne5 Nxe5 12. fxe5 Nd7 13. Qe4 g6 14. Bc3 Bg7
15. Rf1 $11 O-O 16. e6 f5 17. Qf4 Qxf4 18. Rxf4 Nb6 19. O-O-O Nd5 20. Rf3 Rad8
21. Ba5 b6 22. Bc3 Nc7 23. Rfd3 $11 Rfe8 24. Re1 Rd6 25. Bb4 Rxd4 26. Rxd4 Bxd4
27. Ne2 Be3+ 28. Kb1 Nd5 29. Bc3 f4 30. Be5 g5 31. Rd1 b5 32. a3 $11 Rf8 33.
Nd4 Bxd4 34. Bxd4 a6 35. Bc5 Rf6 36. Re1 Kf8 37. b3 Nc7 38. c3 Rxe6 39. Rxe6
Nxe6 40. Bf2 Nc7 41. Kc2 Kf7 42. Kd3 Ke6 43. Ke4 Nd5 44. c4 Nf6+ 45. Kf3 Ke5
46. Bc5 e6 47. Bf8 h5 48. g3 g4+ 49. Kf2 Ne4+ 50. Kg2 f3+ 51. Kf1 bxc4 52. bxc4
Nd2+ 53. Kf2 Nxc4 54. Bg7+ Kf5 55. Bf8 e5 56. Bc5 e4 57. a4 Ke5 58. Ba7 Kd5 59.
Bb8 Kd4 60. Ba7+ Kd3 0-1

[Event "Championnat de France Benjamine"]
[Site "CALVI"]
[Date "????.??.??"]
[Round "2.7"]
[White "Richard, Emma"]
[Black "Vaux, Julie"]
[Result "1-0"]
[WhiteElo "1730"]
[BlackElo "1540"]
[PlyCount "65"]
[EventDate "2005.??.??"]
[SourceDate "2005.04.17"]

1. d4 g6 2. Nf3 Nf6 3. Bg5 Bg7 4. Nbd2 O-O 5. e4 d6 6. Bd3 Bg4 7. h3 Bd7 8. c3
Nc6 9. O-O Re8 10. Nc4 d5 11. exd5 Nxd5 12. Qd2 b5 13. Nce5 Nxe5 14. Nxe5 Bxe5
15. dxe5 Rb8 16. Be4 Be6 17. Rad1 Nb6 18. Qxd8 Rbxd8 19. b3 Rxd1 20. Rxd1 Nd7
21. Bc6 f6 22. exf6 exf6 23. Bf4 Re7 24. Bxc7 Nc5 25. Bd6 Rf7 26. Bxc5 Rc7 27.
Rd8+ Kf7 28. Be8+ Kg8 29. Bxb5+ Kf7 30. Be8+ Kg8 31. Bd4 Kf8 32. Bxf6 Kg8 33.
Bxg6# 1-0

[Event "Championnat de France Benjamine"]
[Site "CALVI"]
[Date "????.??.??"]
[Round "2.8"]
[White "Antoniotti, Marie-Cecile"]
[Black "Loiret, Momoko"]
[Result "0-1"]
[WhiteElo "1500"]
[BlackElo "1690"]
[PlyCount "56"]
[EventDate "2005.??.??"]
[SourceDate "2005.04.17"]

1. e4 c5 2. Nf3 d6 3. d4 cxd4 4. Nxd4 Nf6 5. Nc3 e6 6. f4 a6 7. Be3 b5 8. Qd3
b4 9. Nce2 Bb7 10. Ng3 Nc6 11. Nxc6 Bxc6 12. Be2 Be7 13. O-O O-O 14. Bf3 Bb5
15. Qb3 Bxf1 16. e5 dxe5 17. Bxa8 Qxa8 18. Rxf1 exf4 19. Bxf4 Bc5+ 20. Be3 Qa7
21. Re1 Ng4 22. Nf1 Rd8 23. h3 Nxe3 24. Nxe3 Rd2 {Diagramme #} 25. Kh1 Qb7 26.
Rg1 Re2 27. Qd3 Rxe3 28. Qd2 Rxh3# 0-1

[Event "Championnat de France Benjamine"]
[Site "CALVI"]
[Date "????.??.??"]
[Round "2.9"]
[White "Fajolle, Iris"]
[Black "Danini, Laura"]
[Result "1-0"]
[WhiteElo "1680"]
[BlackElo "1450"]
[PlyCount "69"]
[EventDate "2005.??.??"]
[SourceDate "2005.04.17"]

1. d4 Nf6 2. c4 e6 3. Nc3 Bb4 4. Nf3 c5 5. e3 Ne4 6. Qc2 d5 7. a3 Bxc3+ 8. bxc3
b6 9. Bd3 Nf6 10. cxd5 exd5 11. Ne5 O-O 12. O-O Nbd7 13. Nxd7 Nxd7 14. e4 c4
15. Be2 Bb7 16. exd5 Bxd5 17. Qf5 Nf6 18. Bg5 Re8 19. Bxf6 Qxf6 20. Qxd5 Qe6
21. Qxe6 Rxe6 22. Bxc4 Re7 23. Rac1 Rc8 24. Bb5 g6 25. f4 Rec7 26. Rf3 a5 27.
d5 Rc5 28. Bc6 R5xc6 29. dxc6 Rxc6 30. c4 b5 31. Rfc3 b4 32. axb4 axb4 33. Rb3
Rb6 34. c5 Rb5 35. c6 1-0